Introduction to marketing metrics and characreristics of selected online marketing metrics

Vysvetlenie konceptu marketingových metrík a charakteristika niektorých fundamentálnych metrík. Kvantifikácia efektívnosti internetovej reklamy a komunikácie podniku prostredníctvom týchto metrík.

Enregistré dans:
Détails bibliographiques
Auteur principal: Hojdik, Vladimír, 1992-
Format: Chapitre de livre
Langue:anglais
Sujets:
Tags: Ajouter un tag
Pas de tags, Soyez le premier à ajouter un tag!

MARC

LEADER 00000nla a2200000 4500
001 0233917
005 20240522140206.3
041 0 |a eng 
044 |a CZ 
245 1 0 |a Introduction to marketing metrics and characreristics of selected online marketing metrics  |c Vladimír Hojdik 
520 |a Vysvetlenie konceptu marketingových metrík a charakteristika niektorých fundamentálnych metrík. Kvantifikácia efektívnosti internetovej reklamy a komunikácie podniku prostredníctvom týchto metrík. 
610 2 0 |a podnik 
610 2 0 |a marketing elektronický 
610 2 0 |a komunikácia elektronická 
610 2 0 |a reklama 
610 2 0 |a efektívnosť 
100 1 |a Hojdik, Vladimír, 1992-